Význam finančného controllingu v podniku diplomová práca

Gespeichert in:
Bibliographische Detailangaben
1. Verfasser: Demianová, Andrea
Körperschaft: Fakulta podnikového manažmentu EU. Katedra podnikovohospodárska
Weitere Verfasser: Tóth, Miroslav, 1961-
Format: Buch
Sprache:Slowakisch
Veröffentlicht: Bratislava 2016
Tags: Tag hinzufügen
Keine Tags, Fügen Sie das erste Tag hinzu!

MARC

LEADER 00000nbm a2200000 4500
001 0218604
005 20170123141751.9
041 0 |a slo 
044 |a SK 
245 1 0 |a Význam finančného controllingu v podniku  |b diplomová práca  |c Andrea Demianová ; školiteľ: Miroslav Tóth 
264 1 |a Bratislava  |c 2016 
300 |a 64 s. 
100 1 |a Demianová, Andrea 
700 1 |a Tóth, Miroslav, 1961- 
710 2 |a Fakulta podnikového manažmentu EU. Katedra podnikovohospodárska